000
00330 a2200121 4500
001
ART_12736
005
20260410161909.0
008
260409a
245
1
0
_a
Regret Theory
100
1
_a
Sugden, Robert
700
1
_a
Loomes, Graham
773
0
_t
The Economic Journal
_g
- Vol. 92, NÂș 368 (dic. 1982)
_w
REV12512
999
_c
26627
_d
26627